The archaeology of medicine in the Greco-Roman world /
محفوظ في:
المؤلف الرئيسي:
التنسيق: كتاب
اللغة: English
منشور في:
Cambridge :
Cambridge University Press,
2013.
الموضوعات:
الوسوم: إضافة وسم
لا توجد وسوم, كن أول من يضع وسما على هذه التسجيلة!
رقم الطلب: R138 .B35
| LEADER | 00788nam a22002297a 4500 | ||
|---|---|---|---|
| 003 | OSt | ||
| 005 | 20251124095118.0 | ||
| 008 | 251124s2013 enkab b 001 0 eng d | ||
| 020 | |a 9780521194327 (hardback) | ||
| 040 | |c ARCE Library | ||
| 050 | 1 | 4 | |a R138 |b .B35 |
| 100 | 1 | |a Baker, Patricia Anne. | |
| 245 | 1 | 4 | |a The archaeology of medicine in the Greco-Roman world / |c Patricia A. Baker, University of Kent. |b |
| 264 | 1 | |a Cambridge : |b Cambridge University Press, |c 2013. | |
| 300 | |a xv, 191 pages : |b illustrations, maps ; |c 27 cm. | ||
| 504 | |a Includes bibliographical references (pages 163-178) and index. | ||
| 650 | 0 | |a Medical archaeology. | |
| 650 | 0 | |a Medicine, Ancient. | |
| 650 | 0 | |a Medicine, Greek and Roman -- History. | |
| 901 | |a reviewed | ||
| 942 | |2 lcc |c BK | ||
| 999 | |c 49238 |d 49238 | ||
